Pedazos enteros
Uloženo v:
| Hlavní autor: | |
|---|---|
| Médium: | Kniha |
| Jazyk: | španělština |
| Vydáno: |
Santiago
Rumbos
2000
|
| Témata: | |
| Tagy: |
Přidat tag
Žádné tagy, Buďte první, kdo vytvoří štítek k tomuto záznamu!
|
MARC
| LEADER | 00000nam a2200000 a 4500 | ||
|---|---|---|---|
| 001 | UCN3347 | ||
| 003 | CL-VaPUC | ||
| 008 | 010622e20000000CL |||||||||||||||||spa|d | ||
| 082 | 0 | 4 | |a Ch861 |b MAS |2 21 |
| 100 | |a Massone del Campo, Juan Antonio |e autor |9 561466 | ||
| 245 | 1 | 0 | |a Pedazos enteros |
| 300 | |a 76 p | ||
| 942 | |c BK | ||
| 945 | |d 20010622 00:00:00 |a cmena | ||
| 260 | |a Santiago |b Rumbos |c 2000 | ||
| 650 | 0 | |a Poesías chilenas |9 265280 | |
| 650 | 0 | |a Literatura chilena |9 308278 | |
| 583 | |a last modification |c 20010622 00:00:00 |k Rodrigo Vera | ||
| 999 | |c 296264 |d 296262 | ||
| 952 | |0 0 |1 0 |4 0 |6 CH_861_000000000000000_MAS_2000 |7 0 |8 A |9 349917 |a BIBART |b BIBART |d 2019-11-20 |i 3704033 |o Ch861 MAS 2000 |p 3704033 |r 2025-03-13 |w 2019-11-20 |y BK |k ART | ||